000
00177 a2200097 4500
020
_a
1586531743
041
_a
spa
100
_a
James, Sylvia m
245
_a
El salmon
942
_c
BK
999
_c
2529
_d
2529